TRECIE ZVÁRANIE

Bibliographic Details
Main Authors: Bendis, Anton, 1928-1988 (Author), Minárik, Roman (Author)
Format: Article
Language:Slovak

MARC

LEADER 00000nab a2200000ua 4500
001 vtls010813040
003 SK-MaSNL
005 20260303191204.0
008 230222s1980 xo |||||||||||||||||slo|
035 |a (urnnbn)urn:nbn:sk:snk:ar-005p9n 
035 |a urn:nbn:sk:snk-ab5i78 
035 |a (uuid)4be27fe9-19e6-4646-8a2d-bb95df8b3b9f 
040 |a SNKBUCL  |b slo  |c SNKBUCL  |e AACR2 
041 0 |a slo 
044 |a xo  |c SK 
100 1 |a Bendis, Anton,  |d 1928-1988  |4 aut  |9 220317 
245 1 0 |a TRECIE ZVÁRANIE  |c Anton Bendis, Roman Minárik 
700 1 |a Minárik, Roman  |4 aut  |9 399073 
773 0 |t Zváranie : odborný časopis československých zváračov  |g Roč. 29, č. 11 (1980), s. 9, 16 
954 |a odborná, vedecká literatúra pôvodná (slovenská)  |2 lita 
958 |a OND 
958 |a EUIPO 
958 |a article5 
999 |c 2139803  |d 2141733